[Event "Barcelona Torxa op 3rd"]
[Site "Barcelona"]
[Date "2010.09.06"]
[Round "7.2"]
[White "Gotes Perez, Jaume"]
[Black "Bover de la Cruz, Pol"]
[Result "1-0"]
[WhiteElo "2042"]
[BlackElo "1935"]
[PlyCount "97"]
[EventDate "2010.08.30"]
[EventType "swiss"]
[EventRounds "7"]
[EventCountry "ESP"]
[SourceTitle "EXT 2024"]
[Source "ChessBase"]
[SourceDate "2023.10.10"]
[SourceVersion "1"]
[SourceVersionDate "2023.10.10"]
[SourceQuality "1"]

1. e4 g6 2. d4 Bg7 3. Nc3 d6 4. g3 Nf6 5. Bg2 0-0 6. Nge2 c6 7. a4 Nbd7 8. 0-0 e5 9. d5 cxd5 10. Nxd5 Nxd5 11. Qxd5 Nf6 12. Qd3 Qe7 13. Nc3 Rd8 14. Bg5 Be6 15. f4 h6 16. fxe5 dxe5 17. Bxf6 Bxf6 18. Nd5 Bxd5 19. exd5 Bg7 20. Rad1 Bf8 21. Kh1 Qc7 22. Qb3 Bd6 23. Rf6 Kg7 24. Rdf1 Rf8 25. R6f3 b6 26. Rc3 Qd7 27. Rc6 Rac8 28. Qb5 Rc7 29. Rd1 Rd8 30. Qf1 Rf8 31. Rd3 Qe7 32. Rdc3 Rfc8 33. Rd3 Qd8 34. Qf2 Qe7 35. Qe2 Qd8 36. Qf3 Qe7 37. Rd1 Rf8 38. Rf1 Qd7 39. Qf6+ Kg8 40. Rxd6 Qe8 41. Rc6 Rd7 42. c4 Kh7 43. b4 Kg8 44. Bh3 Rd8 45. Rc7 Ra8 46. d6 Qd8 47. Qe7 Qxe7 48. dxe7 Rfe8 49. Bg2 1-0